Plan de comercialización de accesorios y equipos de cómputo distribuidos por RESITEC S. A en zonas residuales y barrios populares del distrito I del municipio de Managua, I semestre 2011
Presenta un análisis de comercialización de accesorios y equipos de cómputo distribuido por RESITEC S.A, que ofrece en el distrito I de la ciudad de Managua, en zonas residenciales y barrios dirigida a clientes mayoristas y detallista con el objetivo de conocer la actitudes, percepciones, intensi...
| Main Authors: | , , |
|---|---|
| Other Authors: | |
| Format: | Tesis Section = Libro |
| Language: | Undetermined Spanish |
| Published: |
Managua
UNI
2011
|
| Subjects: |
| LEADER | 01431nam a2200277Ia 4500 | ||
|---|---|---|---|
| 008 | 240830s9999 xx 000 0 und d | ||
| 040 | |a BIBLIOTECA-RUPAP T.Mon 658.8 C336 | ||
| 041 | |a spa | ||
| 082 | |a T.Mon 658.8 C336 | ||
| 100 | 1 | |a Casco Medina, Fidelina del Carmen | |
| 100 | 1 | |b Vásquez Rizo, Francis Carolina | |
| 100 | 1 | |c Marín Siezar, Michael | |
| 245 | 1 | 0 | |a Plan de comercialización de accesorios y equipos de cómputo distribuidos por RESITEC S. A en zonas residuales y barrios populares del distrito I del municipio de Managua, I semestre 2011 |
| 260 | |a Managua |b UNI |c 2011 | ||
| 300 | |a 110 p. :il. | ||
| 500 | |a Contiene: anexos e Incluye: CD. | ||
| 502 | |a Tesis (Ingeniero de Sistemas)- UNI, 2011. | ||
| 520 | 3 | |a Presenta un análisis de comercialización de accesorios y equipos de cómputo distribuido por RESITEC S.A, que ofrece en el distrito I de la ciudad de Managua, en zonas residenciales y barrios dirigida a clientes mayoristas y detallista con el objetivo de conocer la actitudes, percepciones, intensidad de compra de los clientes con relaciona a la calidad del producto y el servicio brindado en la comercialización. | |
| 650 | 7 | |a COMERCIALIZACIÓN - ADMINISTRACIÓN | |
| 650 | 7 | |b COMERCIO - PLAN ESTRATÉGICO | |
| 650 | 7 | |c COMERCIO - PLAN ESTRATÉGICO | |
| 650 | 7 | |d ANÁLISIS FODA | |
| 700 | 1 | |a Tutor: |b López, Inés Alejandro | |
| 942 | |c BK |2 ddc | ||
| 991 | |a TESIS | ||
| 999 | |c 18704 | ||